Embriología médica (Registro nro. 26807)
[ vista simple ]
| 000 -CABECERA | |
|---|---|
| Longitud fija campo de control | 01045nam a2200289 a 4500 |
| 003 - IDENTIFICADOR DELl NÚMERO DE CONTROL | |
| Identificador del número de control | OSt |
| 005 - FECHA Y HORA DE LA ÚLTIMA TRANSACCIÓN | |
| Fecha y hora de la última transacción | 20161220103654.0 |
| 008 - CÓDIGOS DE INFORMACIÓN DE LONGITUD FIJA | |
| Códigos de información de longitud fija | 090429s2016 ag a 001 0 spa c |
| 020 ## - NÚMERO INTERNACIONAL NORMALIZADO PARA LIBROS | |
| Número Internacional Normalizado para Libros (ISBN) | 978-84-16353-48-4 |
| 040 ## - FUENTE DE LA CATALOGACIÓN | |
| Centro transcriptor | BMC |
| 082 ## - NÚMERO DE LA CLASIFICACIÓN DECIMAL DEWEY | |
| Númeroo de clasificación | 612.64 |
| 100 1# - PUNTO DE ACCESO PRINCIPAL-NOMBRE DE PERSONA | |
| 9 (RLIN) | 4345 |
| Nombre de persona | Langman, Jan |
| 245 10 - MENCIÓN DE TÍTULO | |
| Título | Embriología médica |
| Mención de responsabilidad, etc. | T.W. Sadler ; ilustraciones, Susan L. Sadler-Redmond ; micrografías por barrido electrónicas, Kathy Tosney; imágenes por ultrasonografía, Jan Byrne y Hytham Imseis |
| 250 ## - MENCIÓN DE EDICIÓN | |
| Mención de edición | 13ª ed |
| 260 ## - PUBLICACIÓN, DISTRIBUCIÓN, ETC. (PIE DE IMPRENTA) | |
| Lugar de publicación, distribución, etc. | Barcelona |
| Nombre del editor, distribuidor, etc. | Wolters Kluwer |
| Fecha de publicación, distribución, etc. | 2016 |
| 300 ## - DESCRIPCIÓN FÍSICA | |
| Extensión | X, 386 p. |
| Otras características físicas | il. col. |
| Dimensiones | 21 cm |
| 505 ## - NOTA DE CONTENIDO CON FORMATO | |
| Nota de contenido con formato | Precede al tít.: Langman |
| 594 ## - NOTA AL TÍTULO Y MENCIÓN DE RESPONSABIBLIDAD | |
| Nota Al Título Y Mención De Responsabilidad | Traducción de: Langman's medical embryology, 8th ed. |
| 650 24 - PUNTO DE ACCESO ADICIONAL DE MATERIA - TÉRMINO DE MATERIA | |
| Término de materia o nombre geográfico como elemento inicial | Embriología humana |
| 9 (RLIN) | 4344 |
| 700 1# - PUNTO DE ACCESO ADICIONAL - NOMBRE DE PERSONA | |
| Nombre de persona | Sadler, Thomas W. |
| 9 (RLIN) | 4318 |
| 700 1# - PUNTO DE ACCESO ADICIONAL - NOMBRE DE PERSONA | |
| Nombre de persona | Sadler-Redmond, Susan L. |
| 9 (RLIN) | 23759 |
| 700 1# - PUNTO DE ACCESO ADICIONAL - NOMBRE DE PERSONA | |
| Nombre de persona | Tosney, Kathryn |
| 9 (RLIN) | 40657 |
| 700 1# - PUNTO DE ACCESO ADICIONAL - NOMBRE DE PERSONA | |
| Nombre de persona | Byrne, Jan |
| 9 (RLIN) | 40658 |
| 700 1# - PUNTO DE ACCESO ADICIONAL - NOMBRE DE PERSONA | |
| Nombre de persona | Imseis, Hytham |
| 9 (RLIN) | 40659 |
| 740 0# - PUNTO DE ACCESO ADICIONAL - TÍTULO RELACIONADO O ANALÍTICO NO CONTROLADO | |
| Título relacionado o analítico no controlado | Langman embriología médica : con orientación médica |
| 942 ## - ENTRADA DE ELEMENTOS AGREGADOS (KOHA) | |
| Fuente de clasificaión o esquema | Dewey Decimal Classification |
| Koha [por defecto] tipo de item | 1- Monografias |
| Suprimido | Perdido | Fuente de clasificación o esquema | Estropeado | Restricciones de uso | No para préstamo | Código de colección | Localización permanente | Localización actual | Localización en estanter&íacute;as | Fecha adquisición | Fuente de adquisición | Número de inventario | Préstamos totales | Renovaciones totales | Signatura completa | Código de barras | Fecha última consulta | Fecha último préstamo | Coste, precio reemplazado | Fecha del precio de reemplazo | Tipo de item de Koha | Prestado |
|---|---|---|---|---|---|---|---|---|---|---|---|---|---|---|---|---|---|---|---|---|---|---|
| NULL | NULL | Dewey Decimal Classification | NULL | Prestable | NULL | NULL | Biblioteca Miguel de Cervantes - UNICAES | Biblioteca Miguel de Cervantes - UNICAES | Sala Principal | 09/12/2016 | Donación - Facultad de Ciencias de la Salud | 032861 | 48 | 4 | 612.64 LAN emb | 1040174 | 26/08/2025 | 25/08/2025 | 40.00 | 15/12/2016 | 1- Monografias | |
| NULL | NULL | Dewey Decimal Classification | NULL | Prestable | NULL | NULL | Biblioteca Miguel de Cervantes - UNICAES | Biblioteca Miguel de Cervantes - UNICAES | Sala Principal | 09/12/2016 | Donación - Facultad de Ciencias de la Salud | 032862 | 63 | 6 | 612.64 LAN emb | 1040175 | 19/11/2025 | 18/11/2025 | 40.00 | 15/12/2016 | 1- Monografias | |
| NULL | NULL | Dewey Decimal Classification | NULL | Prestable | NULL | NULL | Biblioteca Miguel de Cervantes - UNICAES | Biblioteca Miguel de Cervantes - UNICAES | Sala Principal | 09/12/2016 | Donación - Facultad de Ciencias de la Salud | 032863 | 56 | 7 | 612.64 LAN emb | 1040176 | 01/12/2025 | 17/11/2025 | 40.00 | 15/12/2016 | 1- Monografias | |
| NULL | NULL | Dewey Decimal Classification | NULL | Prestable | NULL | NULL | Biblioteca Miguel de Cervantes - UNICAES | Biblioteca Miguel de Cervantes - UNICAES | Sala Principal | 11/11/2023 | Donación - Facultad de Ciencias de la Salud | 035477 | 3 | 1 | 612.64 LAN emb | 1051247 | 17/11/2025 | 17/11/2025 | 01/02/2024 | 1- Monografias | 19/11/2025 |